Statistics for Star Wars Trivia - Tile Quiz - Part 2

Click here to take the quiz!

General Stats

  • This quiz has been taken 61 times
  • The average score is 37 of 45

Answer Stats

QuestionTileSelect% Correct
actors that played a villainAdam DriverYes
98%
actors that played a villainEwan McGregorNo
96%
actors that played a villainSamuel L. JacksonNo
96%
films in which a planet is blown upThe Phantom MenaceNo
96%
characters that have owned a green lightsaberMace WinduNo
94%
films that are not directed by George LucasRogue OneYes
94%
films in which a planet is blown upAttack of the ClonesNo
92%
actors that played a villainChristopher LeeYes
92%
characters that have owned a green lightsaberLuke SkywalkerYes
92%
types of Separatist droidsmouse droidNo
92%
films in which a planet is blown upRevenge of the SithNo
92%
films that are not directed by George LucasThe Force AwakensYes
92%
films that are not directed by George LucasThe Last JediYes
92%
films that are not directed by George LucasThe Phantom MenaceNo
92%
characters that have owned a green lightsaberYodaYes
92%
films in which a planet is blown upA New HopeYes
91%
films that are not directed by George LucasA New HopeNo
91%
films that are not directed by George LucasAttack of the ClonesNo
91%
types of Separatist droidsB1 battle droidYes
91%
actors that played a villainIan McKellanNo
91%
actors that played a villainJames Earl JonesYes
91%
characters that have owned a green lightsaberQui-gon JinnYes
91%
types of Separatist droidsR2 unitNo
91%
films that are not directed by George LucasRevenge of the SithNo
91%
characters that have owned a green lightsaberKit FistoYes
89%
characters that have owned a green lightsaberBen SoloNo
87%
characters that have owned a green lightsaberObi-wan KenobiNo
87%
types of Separatist droidsdroidekaYes
85%
types of Separatist droidsprotocol droidNo
85%
characters that have owned a green lightsaberLeia OrganaNo
83%
films in which a planet is blown upThe Empire Strikes BackNo
83%
actors that played a villainIan McDiarmidYes
81%
films in which a planet is blown upRogue OneYes
79%
types of Separatist droidsvulture droidYes
77%
types of Separatist droidsprobe droidNo
75%
films in which a planet is blown upThe Force AwakensYes
75%
types of Separatist droidsbuzz droidYes
74%
films in which a planet is blown upThe Last JediNo
74%
types of Separatist droidscommando droidYes
72%
characters that have owned a green lightsaberAnakin SkywalkerNo
62%
actors that played a villainPeter CushingYes
57%
actors that played a villainGwendoline ChristieYes
53%
films that are not directed by George LucasThe Empire Strikes BackYes
32%
films in which a planet is blown upThe Rise of SkywalkerYes
30%
films that are not directed by George LucasReturn of the JediYes
25%

Score Distribution

Percentile by Number Answered

Percent of People with Each Score

Your Score History

You have not taken this quiz